Random geography beginning with L - Statistics

General Stats
  • This quiz has been taken 36 times
  • The average score is 3 of 5
Answer Stats
Hint Answer % Correct
2nd largest city in Pakistan Lahore
100%
Salt ---- City Lake
100%
Green---- Ice---- Land
100%
German city with a Red bull team Leipzig
100%
St Petersburg former name Leningrad
100%
capital is Vaduz Liechtenstein
100%
3rd largest city in Ireland Limerick
100%
Turkey currency Lira
100%
3rd largest city in Poland Lodz
100%
Most populous region in Italy Lombardy
100%
Place to find the landmark Elizabeth Tower London
100%
2nd most populous city in the USA Los Angeles
100%
Boot shaped US state Louisiana
100%
Paris museum Louvre
100%
France's third largest city Lyon
100%
Surrounded by South Africa Lesotho
50%
Famous city in Nigeria Lagos
0%
The Eiffel Tower is a -------- Landmark
0%
Khmer is a -------- Language
0%
Santa lives here Lapland
0%
City on the edge of Nevada Las Vegas
0%
Language that was last spoken by Hungary Latin
0%
Longitude's partner Latiude
0%
4th largest city in Switzerland Lausanne
0%
Rome is located in this region Lazio
0%
Common name in South Korea Lee
0%
Near Bradford Leeds
0%
National animal of Afghanistan Leopard
0%
Capital of Tibet Lhasa
0%
Borders Tunisia, Egypt and Lusaka Libya
0%
South American capital Lima
0%
37th largest city in Russia Lipetsk
0%
Portugal capital Lisbon
0%
Place to find the Albert Dock Liverpool
0%
Hawaiian mountain called Mauna --- Loa
0%
Largest body of water in Scotland Loch Lomond
0%
Known for a monster Loch Ness
0%
Capital of Togo Lome
0%
Largest island in New York Long Island
0%
Latitude's partner Longitude
0%
Angola's capital Luanda
0%
Capital of Uttar Pradesh Lucknow
0%
Airline in Germany Lufthansa
0%
Hono---- Lulu
0%
Benga---- Luru
0%
Paris former name Lutetia
0%
Capital of Zambia Luusaka
0%
6th largest city in Switzerland Luzern
0%
Largest island in the Philippines Luzon
0%
No matching quizzes found
Score Distribution
Percent of People with Each Score
Percentile by Number Answered
Your Score History
You have not taken this quiz